Guess the Taylor Swift song with no hint 85 - Statistics

General Stats
  • This quiz has been taken 1,056 times
  • The average score is 300 of 413
Answer Stats
Answer % Correct
I
100%
a
97%
you
97%
You
97%
the
95%
we
93%
an
92%
it
91%
me
91%
and
90%
And
90%
in
90%
love
88%
to
88%
your
88%
were
87%
who
87%
My
86%
my
86%
was
86%
know
84%
that
84%
Like
83%
like
83%
I'm
81%
no
81%
it's
79%
of
79%
but
78%
But
78%
can
77%
time
77%
So
76%
there
76%
with
76%
could
75%
how
75%
If
75%
had
74%
(Ooh
74%
our
74%
First
73%
first
73%
Oh
73%
oh
73%
one
72%
as
71%
I'd
70%
yeah
68%
Yeah
68%
hands
67%
Hands
67%
would
67%
dancing
66%
Dancing
66%
loved
66%
been
65%
said
65%
say
65%
tied
65%
tied)
65%
us
64%
out
63%
knew
61%
bad
60%
'cause
60%
feeling
59%
world
58%
down
55%
got
55%
nothing
55%
secret
55%
wanted
54%
could've
53%
went
53%
without
53%
baby
52%
forever
52%
old
52%
pockets
52%
kiss
51%
reason
51%
lights
50%
years
50%
blue
49%
dance
49%
five
49%
twenty
49%
again
48%
face
47%
golden
47%
into
47%
stop
47%
Deep
46%
invisible
46%
locket
46%
painted
46%
Picture
46%
close
45%
held
45%
mess
45%
frozen
44%
hold
43%
room
43%
oasis
42%
take
42%
through
42%
turned
41%
rushes
40%
water
40%
keeping
39%
bed
38%
burned
38%
spent
38%
divide
37%
gravity
37%
sight
37%
spite
36%
fears
35%
People
35%
avalanche?
34%
darling
34%
talking
33%
putting
31%
started
31%
paces
30%
Swaying
28%
No matching quizzes found
Score Distribution
Percent of People with Each Score
Percentile by Number Answered
Your Score History
You have not taken this quiz